<?xml version="1.0" encoding="UTF-8"?>
<collection xmlns="http://www.loc.gov/MARC21/slim">
 <record>
  <leader>     na                 </leader>
  <controlfield tag="001">INLIS000000000002955</controlfield>
  <controlfield tag="005">20260406115205</controlfield>
  <controlfield tag="035">$a 0010-0426000046</controlfield>
  <controlfield tag="245">$a Mengenal Penyakit Kulit Dan Cara Pencegahannya /$c Dian Novitasari</controlfield>
  <controlfield tag="100">$a Dian Novitasari</controlfield>
  <controlfield tag="300">$a 52 hlm : $b ilus ; $c 17.5 x 25 cm</controlfield>
  <controlfield tag="260">$a Tangerang :$b PT Albama,$c 2007</controlfield>
  <controlfield tag="082">$a 616.5</controlfield>
  <controlfield tag="084">$a 616.5 DIA m</controlfield>
  <controlfield tag="020">$a 978-979-18132-3-5</controlfield>
  <controlfield tag="990">$a 3486/2012</controlfield>
  <controlfield tag="990">$a 3487/2012</controlfield>
  <controlfield tag="990">$a 3488/2012</controlfield>
  <controlfield tag="990">$a 3489/2012</controlfield>
  <controlfield tag="990">$a 3490/2012</controlfield>
 </record>
</collection>
